Past for the eyes. - Budapest [u.a.] : Central European University Press. - 2008 [Rezension]

Titel: Past for the eyes. - Budapest [u.a.] : Central European University Press. - 2008 [Rezension]
Verfasser:
In: Slavic review, Band 68, Heft 2 (2009), Seite 405-406
alle Artikel anzeigen
Veröffentlicht: 2009
Format: Aufsatz
Sprache: Englisch
Kein Bild verfügbar
X
alg: 39507011
001A    $01999:12-11-16 
001B    $01999:04-08-21 $t21:03:49.000 
001D    $01999:12-11-16 
001U    $0utf8 
001X    $00 
002@    $0Aox 
003@    $0395070112 
007A    $0395070112 $aHEB 
007T    $0Herdc0054278m 
010@    $aeng 
011@    $a2009 
021A    $a@Past for the eyes. - Budapest {[u.a.] : Central European University Press. -  2008 [Rezension] 
028A    $#Trebst, Stefan $7110797264 $8Troebst, Stefan$Z1955- [Tp1] $9145380610 
031A    $d68 $e2 $h405-406 $j2009 
039B    $aIn $8--Abvc--. Slavic review. - Cambridge : Cambridge University Press, 1961-. - ISSN 0037-6779 $x200900000680002595 $9047271809 
039T    $8--Aau--. @Past for the eyes. - Budapest {[u.a.] : Central European University Press, 2008. - XIX, 416 S.. - Ill.. - ISBN 978-963-977-603-6 $9191517534 
045F    $a900.9479 $eDDC23BSB 
045F/01 $a900 
045F/03 $g479 
045F/03 $g4371 
045F/03 $g439 
045T    $a3,6 $a7,41 

lok: 39507011 78

exp: 39507011 78 1 #EPN
201B/01 $026-11-17 $t03:56:52.000 
201U/01 $0utf8 
203@/01 $0791368750 
208@/01 $a12-11-16 $be 
209A/01 $a/ $f000 $x00 
220C/01 $aTitelaufnehmer: rb 
220C/01 $aHerkunft: HI Marburg 
244Z/01 $#Tschechien $#Tschechische Republik $#Tschechische Republik $#Tschechenland $#Tschechei Tschechien $#Česká Republika $#Czech Republic $#ČR $74303381-7 $8--Tg1--Tschechien $x01 $9086659812 
244Z/01 $2Trx $#Böhmen $#Bohemia $#Czechy $8--Trx--Čechy $x02 $9391188941 
244Z/01 $2Trx $#Poola $#Lenkija $#Polija $#Polen Land $#Poland $#Lengyelország $#Poľsko $#Polsko $8--Trx--Polska$gkraj $x03 $9391345966 
244Z/01 $2Trx $#Ungari $#Vengrija $#Ungārija $#Ungarn $#Hungary $#Węgry $#Maďarsko $#Maďarsko $#Uhorsko $#Uhersko;Uhry $8--Trx--Magyarország $x04 $9391197150 
244Z/01 $2Trx $#Baltijos šalys $#kraje bałtyckie $#Baltikum $8--Trx--Baltische Länder $x05 $9391352903 
244Z/01 $2Trx $#arvustused $#recenzijos $#Reviews $#recenziók $#recenzje $#recenzie $#recenze $8--Trx--Rezensionen $x06 $9391357441 
247C/01 $82080>Marburg/Lahn, Herder-Institut, Forschungsbibliothek, Bibliographieportal $9336309341
LEADER 00000caa a22000002c 4500
001 395070112
003 DE-603
005 20210804210349.0
007 tu
008 161112s2009 xx |||| | u00||u|eng c
035 |a (DE-599)HEB395070112 
040 |a DE-603  |b ger  |c DE-603  |d DE-603 
041 |a eng 
082 0 4 |8 1\u  |a 900.9479  |q DE-101  |2 23/BSB 
084 |a 3,6  |a 7,41  |2 ssgn 
085 |8 1\u  |b 900 
085 |8 1\u  |z 2  |s 479 
085 |8 1\u  |z 2  |s 4371 
085 |8 1\u  |z 2  |s 439 
100 1 |a Troebst, Stefan  |d 1955-  |0 (DE-603)145380610  |0 (DE-588)110797264  |2 gnd 
245 0 0 |a Past for the eyes. - Budapest ˜[u.a.] œ: Central European University Press. - 2008 [Rezension] 
264 0 |c 2009 
773 0 8 |i In  |t Slavic review  |d Cambridge : Cambridge University Press, 1961-  |x 0037-6779  |g Band 68, Heft 2 (2009), Seite 405-406  |w (DE-603)047271809  |w (DE-600)203404-9 
787 0 8 |i Rezension von  |t Past for the eyes  |d Budapest ˜[u.a.] œ: Central European University Press, 2008  |h XIX, 416 S., Ill.  |z 9789639776036  |z 9789639776050  |w (DE-603)191517534 
924 0 |9 2080  |a (DE-603)791368750  |b DE-2080  |c HES  |d d  |g /